LOST GENERATION CHRONICLING INDIA S DYIN (Record no. 27885)
[ view plain ]
| 000 -LEADER | |
|---|---|
| fixed length control field | 00346nam a2200133Ia 4500 |
| 008 - FIXED-LENGTH DATA ELEMENTS--GENERAL INFORMATION | |
| fixed length control field | 240624s9999 xx 000 0 und d |
| 041 ## - LANGUAGE CODE | |
| Language code of text/sound track or separate title | eng |
| 082 ## - DEWEY DECIMAL CLASSIFICATION NUMBER | |
| Classification number | 828 KUN |
| 100 ## - MAIN ENTRY--PERSONAL NAME | |
| Personal name | KUNDALIA NIDHI DUGAR |
| 245 ## - TITLE STATEMENT | |
| Title | LOST GENERATION CHRONICLING INDIA S DYIN |
| 260 ## - PUBLICATION, DISTRIBUTION, ETC. | |
| Date of publication, distribution, etc. | 2014 |
| Place of publication, distribution, etc. | New Delhi |
| Name of publisher, distributor, etc. | Random House India |
| 300 ## - PHYSICAL DESCRIPTION | |
| Extent | 256 : p. |
| 365 ## - TRADE PRICE | |
| Currency code | RS |
| Price amount | 30 |
| Withdrawn status | Lost status | Damaged status | Not for loan | Home library | Current library | Shelving location | Date acquired | Source of acquisition | Cost, normal purchase price | Total Checkouts | Full call number | Barcode | Date last seen | Date last checked out | Copy number | Price effective from | Koha item type |
|---|---|---|---|---|---|---|---|---|---|---|---|---|---|---|---|---|---|
| IMTN | IMTN | Rack 42-A | 09/06/2016 | VBC | 350.00 | 4 | 828 KUN | 27885 | 10/16/2025 | 10/08/2025 | 1 | 06/24/2024 | Books |